La pasión de Beethoven

Es una película basada en una ficción dramática centrada en los últimos años de la vida creativa del compositor Ludwig van Beethoven. La directora se toma varias licencias históricas en aras de mejorar el interés lírico de la película y hacer que sea comprendida por su público percibiendo así la his...

Descripción completa

Guardado en:
Autor Principal: Holland, Agnieszka.
Autores Corporativos: Metro-Goldwyn-Mayer., Sidney Kimmel Entertainment., Myriad Pictures.
Otros Autores: Rivele, Stephen J; Guión., Wilkinson, Christopher; Guión., Harris, Ed; Protagonista., Kruger, Diane; Protagonista.
Formato: Deslizar
Idioma:Undetermined
Publicado: Estados Unidos, Alemania, Sidney Kimmel Entertainment ; 2006.
Materias:
Etiquetas: Agregar Etiqueta
Sin Etiquetas, Sea el primero en etiquetar este registro!
LEADER 01465ngm a22003135a 4500
001 CEM.cems019868
008 221117s2006####xx#---############vlund#d
005 20221117201505.0
245 1 0 |a La pasión de Beethoven  |h [videograbación] /  |c Agnieszka Holland. 
260 |b Sidney Kimmel Entertainment ;  |a Estados Unidos, Alemania,  |c 2006. 
300 |a 104'. 
500 |a Copying Beethoven. 
505 0 |a Extras: Trailer y Galería de fotos 
520 |a Es una película basada en una ficción dramática centrada en los últimos años de la vida creativa del compositor Ludwig van Beethoven. La directora se toma varias licencias históricas en aras de mejorar el interés lírico de la película y hacer que sea comprendida por su público percibiendo así la historia de Beethoven. (Wikipedia) -- Duración aproximada: 1h 44min 
538 |a Soporte: DVD -- Formato: DVD -- Peso: 2.94 gb -- Resolución: 720 x 480 -- 29.97 fps 
590 |a Identificación anterior: M 14 
100 1 |a Holland, Agnieszka. 
700 1 |a Rivele, Stephen J; Guión. 
700 1 |a Wilkinson, Christopher; Guión. 
700 1 |a Harris, Ed; Protagonista. 
700 1 |a Kruger, Diane; Protagonista. 
710 2 |a Metro-Goldwyn-Mayer. 
710 2 |a Sidney Kimmel Entertainment. 
710 2 |a Myriad Pictures. 
653 |a MÚSICA 
653 |a BIOGRAFÍA 
653 |a DRAMA 
653 |a BEETHOVEN 
859 |a CEMS  |b BIB. CEMS - Depto. Recursos Didacticos  |h 927  |i HOL  |k DRD  |p 2933.22  |t Ej.1